UK housing review 2013 (Record no. 114931)

MARC details
000 -LEADER
fixed length control field 01080cam a22002175a 4500
001 - CONTROL NUMBER
control field L157715
008 - FIXED-LENGTH DATA ELEMENTS--GENERAL INFORMATION
fixed length control field 130409s2013 xxk f 000 0 eng d
020 ## - INTERNATIONAL STANDARD BOOK NUMBER
International Standard Book Number 9780905018932
035 ## - SYSTEM CONTROL NUMBER
System control number (Sirsi) u157715
041 0# - LANGUAGE CODE
Language code of text/sound track or separate title eng
050 04 - LIBRARY OF CONGRESS CALL NUMBER
Classification number 306.3
100 1# - MAIN ENTRY--PERSONAL NAME
Personal name Pawson, Hal
245 00 - TITLE STATEMENT
Title UK housing review 2013
260 ## - PUBLICATION, DISTRIBUTION, ETC.
Place of publication, distribution, etc. Coventry
Name of publisher, distributor, etc. Chartered Institute of Housing
Date of publication, distribution, etc. 2013
300 ## - PHYSICAL DESCRIPTION
Extent 256p.
Dimensions 21cm
520 ## - SUMMARY, ETC.
Summary, etc. Focuses on a range of factors affecting housing in the UK including demographic changes, household trends, migration, stock condition, the growth of the private rented sector, the state of the owner-occupied sector, economic conditions and investment and expenditure. Comments on data on housing issues from the 2011 Census for England and Wales, data for Scotland and Northern Ireland was not available at time of publication. Compendium provides over a hundred tables of statistical data on housing issues. An abridged version is available at www.ukhousingreview.co.uk
590 ## - LOCAL NOTE (RLIN)
Local note KA
651 #4 - SUBJECT ADDED ENTRY--GEOGRAPHIC NAME
Geographic name United Kingdom
Chronological subdivision
700 1# - ADDED ENTRY--PERSONAL NAME
Personal name Wilcox, Steve
942 ## - ADDED ENTRY ELEMENTS (KOHA)
Suppress in OPAC 0
Holdings
Withdrawn status Lost status Source of classification or shelving scheme Damaged status Not for loan Home library Current library Shelving location Date acquired Total Checkouts Full call number Barcode Date last seen Copy number Price effective from Koha item type
    Dewey Decimal Classification     London London Folio 09/04/2013   F306.3 PAW 30078254 06/08/2019 1 06/08/2019 Book